1262 1977 1978 1401 1389 1245 1978 1527 1616 1550 1392 1490 1301 1620 1434 1863 1450 1538 1841 1634 1543 1042 1958 1474 1498 1610 1629 1198 1289 1142 1254 1418 1845 1131 1896 1916 1644 1959 1527 1174 1457 1915 1885 1015 1932 1896 1163 1890 1270 1693 1787 1604 1566 1032 1996 1117 1992 1538 1145 1049 1712 1263 1259 1883 1174 1695 1183 1392 1861 1841 1632 1308 1990 1500 1400 1212 1495 1987 1628 1283 1444 1765 1275 1376 1582 1993 1175 1839 1146 1300 1889 1659 1988 1137 1515 1419 1398 1587 1340 BCNSPRNW ULIB Ver.6.0+V

เปลี่ยนเป็นภาษาไทย

Change to English
 แสดงรายละเอียดบรรณานุกรม
  กลับหน้าหลัก

Brief Record : Get Marc (ISO 2709) : E-mail record : QR code < ปิดหน้าต่าง
LEADER : 00000nam 2200000uu 4500
001    13399114941
003     ULIB
008    120622s2548||||th 000 0 tha d
020    ^a9740866409
060  4 ^aQS4^bจ213ก 2548
100 0  ^aจินนี จอห์นสัน
245 10 ^aร่างกายของมนุษย์ โครงกระดูก /^cแฟรงคลิน วัตต์ส
246 32 ^aเค้าโครงแห่งร่างกายของเรา
250    ^aพิมพ์ครั้งที่ 1
260    ^aกรุงเทพฯ :^bไทยวัฒนาพานิช,^c2548
500    ^aโครงกระดูก
945    ^p330^l0^i24794
995    ^aกัณชพร
999    ^aใช้งานได้ทุกระบบ
รายการนี้ยังไม่มีแท็ก
คุณยังไม่ได้ล็อกอิน คุณสามารถมีกิจกรรมร่วมกับเว็บไซต์ได้ แต่ต้องล็อกอินก่อน ::
  ล็อกอิน

รายการสื่อสารสนเทศ

ลำดับที่ ประเภท เลขเรียก/บาร์โค้ด สถานที่ สถานะ
1. วิทยาศาสตร์การแพทย์ และสุขภาพ
วิทยาศาสตร์การแพทย์ และสุขภาพ
สถานะ=หนังสือเก่า
QS4 จ213ก 2548  
  Barcode: 24794
ห้องสมุดวิทยาเขตนครสวรรค์
►ส่วนจัดเก็บหนังสือเก่า นว.
บนชั้น
  ขอยืม

BibComment


ยังไม่เคยถูกคอมเมนท์

คอมเมนท์ทรัพยากรรายการนี้
  คอมเมนท์: ร่างกายของมนุษย์..


 Copyright 2026. Bcnsprnw @Library